[Event "ODJM C 2023"]
[Site "Willingen GER"]
[Date "2023.06.03"]
[Round "9"]
[White "Gyácsok, Dzvinka"]
[Black "Vöcking, Laura"]
[Result "1-0"]
[Termination "normal"]
[Board "15"]
[WhiteElo "1208"]
[BlackElo "1282"]
[WhiteClock "00:03:46"]
[BlackClock "00:03:48"]
[PlyCount "77"]
[WhiteFideId "16298292"]
[BlackFideId "16287630"]
[EventCountry "GER"]
[EventRounds "9"]
[EventType "swiss"]
[EventDate "2023.05.27"]

1. e4 {[%clk 01:30:55]} {[%emt 00:00:04]} e6 {[%clk 01:30:54]} {[%emt
00:00:07]} 2. d4 {[%clk 01:31:16]} {[%emt 00:00:10]} d5 {[%clk 01:31:10]}
{[%emt 00:00:13]} 3. exd5 {[%clk 01:31:36]} {[%emt 00:00:10]} exd5 {[%clk
01:31:30]} {[%emt 00:00:10]} 4. Nf3 {[%clk 01:31:42]} {[%emt 00:00:23]} Nf6
{[%clk 01:31:03]} {[%emt 00:00:57]} 5. Bg5 {[%clk 01:28:32]} {[%emt 00:03:39]}
Be7 {[%clk 01:29:43]} {[%emt 00:01:51]} 6. Nbd2 {[%clk 01:23:29]} {[%emt
00:05:33]} Nc6 {[%clk 01:26:52]} {[%emt 00:03:22]} 7. Bb5 {[%clk 01:18:11]}
{[%emt 00:05:47]} O-O {[%clk 01:24:32]} {[%emt 00:02:50]} 8. O-O {[%clk
01:16:44]} {[%emt 00:01:57]} Bf5 {[%clk 01:20:49]} {[%emt 00:04:14]} 9. c3
{[%clk 01:12:36]} {[%emt 00:04:38]} a6 {[%clk 01:13:43]} {[%emt 00:07:37]} 10.
Be2 {[%clk 01:08:47]} {[%emt 00:04:18]} Ne4 {[%clk 01:01:06]} {[%emt 00:13:08]}
11. Bf4 {[%clk 01:00:52]} {[%emt 00:08:24]} Bd6 {[%clk 00:55:36]} {[%emt
00:06:00]} 12. Bg3 {[%clk 00:57:59]} {[%emt 00:03:23]} Nxg3 {[%clk 00:48:50]}
{[%emt 00:07:16]} 13. fxg3 {[%clk 00:55:18]} {[%emt 00:03:10]} Ne7 {[%clk
00:46:12]} {[%emt 00:03:09]} 14. Nh4 {[%clk 00:51:23]} {[%emt 00:04:24]} Be6
{[%clk 00:41:35]} {[%emt 00:05:08]} 15. Bd3 {[%clk 00:46:46]} {[%emt 00:05:06]}
Ng6 {[%clk 00:34:20]} {[%emt 00:07:46]} 16. Qh5 {[%clk 00:41:00]} {[%emt
00:06:16]} Qd7 {[%clk 00:19:51]} {[%emt 00:14:59]} 17. Ndf3 {[%clk 00:37:04]}
{[%emt 00:04:25]} Bg4 {[%clk 00:17:02]} {[%emt 00:03:19]} 18. Qxd5 {[%clk
00:33:35]} {[%emt 00:03:59]} c6 {[%clk 00:14:07]} {[%emt 00:03:26]} 19. Qb3
{[%clk 00:21:33]} {[%emt 00:12:31]} Ne7 {[%clk 00:09:56]} {[%emt 00:04:42]} 20.
Ng5 {[%clk 00:16:44]} {[%emt 00:05:18]} Be6 {[%clk 00:09:41]} {[%emt 00:00:45]}
21. Bxh7+ {[%clk 00:14:01]} {[%emt 00:03:13]} Kh8 {[%clk 00:10:00]} {[%emt
00:00:12]} 22. Nxe6 {[%clk 00:13:01]} {[%emt 00:01:29]} Qxe6 {[%clk 00:09:26]}
{[%emt 00:01:04]} 23. Qxe6 {[%clk 00:09:36]} {[%emt 00:03:55]} fxe6 {[%clk
00:09:48]} {[%emt 00:00:08]} 24. Ng6+ {[%clk 00:08:32]} {[%emt 00:01:33]} Nxg6
{[%clk 00:09:25]} {[%emt 00:00:54]} 25. Bxg6 {[%clk 00:08:42]} {[%emt
00:00:20]} Kg8 {[%clk 00:07:54]} {[%emt 00:02:01]} 26. Rae1 {[%clk 00:07:26]}
{[%emt 00:01:43]} Rxf1+ {[%clk 00:06:16]} {[%emt 00:02:12]} 27. Kxf1 {[%clk
00:06:12]} {[%emt 00:01:43]} Rf8+ {[%clk 00:06:43]} {[%emt 00:00:04]} 28. Kg1
{[%clk 00:06:04]} {[%emt 00:00:38]} Rf6 {[%clk 00:07:04]} {[%emt 00:00:09]} 29.
Be8 {[%clk 00:05:46]} {[%emt 00:00:48]} e5 {[%clk 00:03:56]} {[%emt 00:03:38]}
30. dxe5 {[%clk 00:05:39]} {[%emt 00:00:36]} Re6 {[%clk 00:04:16]} {[%emt
00:00:11]} 31. Bd7 {[%clk 00:05:19]} {[%emt 00:00:50]} Re7 {[%clk 00:04:06]}
{[%emt 00:00:40]} 32. e6 {[%clk 00:05:11]} {[%emt 00:00:38]} g5 {[%clk
00:03:55]} {[%emt 00:00:40]} 33. Kf2 {[%clk 00:05:03]} {[%emt 00:00:38]} Kg7
{[%clk 00:04:04]} {[%emt 00:00:22]} 34. Kf3 {[%clk 00:05:05]} {[%emt 00:00:27]}
Kf6 {[%clk 00:04:13]} {[%emt 00:00:22]} 35. Kg4 {[%clk 00:04:53]} {[%emt
00:00:41]} Bc5 {[%clk 00:03:18]} {[%emt 00:01:26]} 36. Rf1+ {[%clk 00:04:05]}
{[%emt 00:01:17]} Kg6 {[%clk 00:03:29]} {[%emt 00:00:20]} 37. Rf7 {[%clk
00:03:15]} {[%emt 00:01:20]} Rxf7 {[%clk 00:03:23]} {[%emt 00:00:35]} 38. exf7
{[%clk 00:03:35]} {[%emt 00:00:09]} Kxf7 {[%clk 00:03:48]} {[%emt 00:00:05]}
39. Kxg5 {[%clk 00:03:46]} {[%emt 00:00:19]} 1-0

[Event "ODJM C 2023"]
[Site "Willingen GER"]
[Date "2023.06.03"]
[Round "9"]
[White "Janssen, Julika"]
[Black "Neininger, Pascal"]
[Result "1/2-1/2"]
[Termination "normal"]
[Board "16"]
[WhiteElo "1286"]
[BlackElo "1156"]
[WhiteClock "00:48:38"]
[BlackClock "01:17:19"]
[PlyCount "42"]
[WhiteFideId "16287339"]
[BlackFideId "34640860"]
[EventCountry "GER"]
[EventRounds "9"]
[EventType "swiss"]
[EventDate "2023.05.27"]

1. d4 {[%clk 01:30:58]} {[%emt 00:00:01]} d5 {[%clk 01:30:54]} {[%emt
00:00:06]} 2. Bf4 {[%clk 01:31:20]} {[%emt 00:00:07]} Nf6 {[%clk 01:31:19]}
{[%emt 00:00:06]} 3. Nf3 {[%clk 01:31:43]} {[%emt 00:00:07]} e6 {[%clk
01:31:41]} {[%emt 00:00:09]} 4. e3 {[%clk 01:32:01]} {[%emt 00:00:12]} Bd6
{[%clk 01:32:06]} {[%emt 00:00:05]} 5. Bg3 {[%clk 01:32:12]} {[%emt 00:00:18]}
c5 {[%clk 01:32:31]} {[%emt 00:00:06]} 6. c3 {[%clk 01:32:29]} {[%emt
00:00:12]} O-O {[%clk 01:32:54]} {[%emt 00:00:07]} 7. Be2 {[%clk 01:32:50]}
{[%emt 00:00:09]} Qc7 {[%clk 01:33:17]} {[%emt 00:00:07]} 8. Nbd2 {[%clk
01:31:54]} {[%emt 00:01:26]} Nbd7 {[%clk 01:33:36]} {[%emt 00:00:11]} 9. O-O
{[%clk 01:31:55]} {[%emt 00:00:28]} Bxg3 {[%clk 01:33:59]} {[%emt 00:00:08]}
10. hxg3 {[%clk 01:31:27]} {[%emt 00:00:57]} e5 {[%clk 01:34:13]} {[%emt
00:00:16]} 11. dxe5 {[%clk 01:23:26]} {[%emt 00:08:31]} Nxe5 {[%clk 01:34:16]}
{[%emt 00:00:27]} 12. Nxe5 {[%clk 01:22:14]} {[%emt 00:01:42]} Qxe5 {[%clk
01:34:37]} {[%emt 00:00:08]} 13. Nf3 {[%clk 01:15:20]} {[%emt 00:07:23]} Qe7
{[%clk 01:34:46]} {[%emt 00:00:21]} 14. Qc2 {[%clk 01:10:27]} {[%emt 00:05:21]}
Re8 {[%clk 01:34:25]} {[%emt 00:00:54]} 15. Rfd1 {[%clk 01:08:46]} {[%emt
00:02:06]} Bd7 {[%clk 01:32:55]} {[%emt 00:02:05]} 16. Bd3 {[%clk 01:03:34]}
{[%emt 00:05:41]} Bc6 {[%clk 01:30:53]} {[%emt 00:02:33]} 17. Re1 {[%clk
00:59:19]} {[%emt 00:04:45]} c4 {[%clk 01:28:37]} {[%emt 00:02:46]} 18. Be2
{[%clk 00:57:30]} {[%emt 00:02:18]} Rad8 {[%clk 01:26:47]} {[%emt 00:02:20]}
19. Nd4 {[%clk 00:57:27]} {[%emt 00:00:33]} Ne4 {[%clk 01:23:25]} {[%emt
00:03:53]} 20. Bg4 {[%clk 00:50:31]} {[%emt 00:07:20]} g6 {[%clk 01:20:39]}
{[%emt 00:03:22]} 21. Qe2 {[%clk 00:48:38]} {[%emt 00:02:19]} Bd7 {[%clk
01:17:19]} {[%emt 00:03:53]} 1/2-1/2

[Event "ODJM C 2023"]
[Site "Willingen GER"]
[Date "2023.06.03"]
[Round "9"]
[White "Hendricks, Ole"]
[Black "Wilke, Ronja"]
[Result "1-0"]
[Termination "normal"]
[Board "17"]
[WhiteElo "1263"]
[BlackElo "1145"]
[WhiteClock "00:06:05"]
[BlackClock "01:34:48"]
[PlyCount "117"]
[WhiteFideId "34660488"]
[BlackFideId "16288378"]
[EventCountry "GER"]
[EventRounds "9"]
[EventType "swiss"]
[EventDate "2023.05.27"]

1. e4 {[%clk 01:30:59]} c6 {[%clk 01:30:53]} {[%emt 00:00:08]} 2. d4 {[%clk
01:31:23]} {[%emt 00:00:06]} d5 {[%clk 01:31:15]} {[%emt 00:00:08]} 3. e5
{[%clk 01:31:48]} {[%emt 00:00:05]} Bf5 {[%clk 01:31:34]} {[%emt 00:00:11]} 4.
h4 {[%clk 01:31:43]} {[%emt 00:00:35]} h6 {[%clk 01:31:24]} {[%emt 00:00:40]}
5. g4 {[%clk 01:30:43]} {[%emt 00:01:30]} Bh7 {[%clk 01:31:18]} {[%emt
00:00:35]} 6. Bd3 {[%clk 01:30:59]} {[%emt 00:00:16]} Bxd3 {[%clk 01:31:29]}
{[%emt 00:00:18]} 7. Qxd3 {[%clk 01:31:23]} {[%emt 00:00:07]} e6 {[%clk
01:31:40]} {[%emt 00:00:19]} 8. Be3 {[%clk 01:31:01]} {[%emt 00:00:51]} Nd7
{[%clk 01:31:11]} {[%emt 00:00:59]} 9. Nd2 {[%clk 01:28:34]} {[%emt 00:02:57]}
Qb6 {[%clk 01:31:02]} {[%emt 00:00:36]} 10. O-O-O {[%clk 01:23:55]} {[%emt
00:05:13]} O-O-O {[%clk 01:29:36]} {[%emt 00:01:56]} 11. f4 {[%clk 01:19:05]}
{[%emt 00:05:19]} g6 {[%clk 01:22:30]} {[%emt 00:07:34]} 12. h5 {[%clk
01:16:25]} {[%emt 00:03:14]} Ne7 {[%clk 01:22:20]} {[%emt 00:00:39]} 13. Ngf3
{[%clk 01:06:51]} {[%emt 00:10:04]} Bg7 {[%clk 01:20:24]} {[%emt 00:02:26]} 14.
Nh4 {[%clk 00:38:51]} {[%emt 00:28:30]} Nf8 {[%clk 01:17:38]} {[%emt 00:03:16]}
15. f5 {[%clk 00:37:07]} {[%emt 00:02:14]} exf5 {[%clk 01:13:16]} {[%emt
00:04:51]} 16. gxf5 {[%clk 00:37:08]} {[%emt 00:00:30]} gxf5 {[%clk 01:13:25]}
{[%emt 00:00:19]} 17. Nxf5 {[%clk 00:37:06]} {[%emt 00:00:34]} Nxf5 {[%clk
01:13:43]} {[%emt 00:00:10]} 18. Qxf5+ {[%clk 00:37:33]} {[%emt 00:00:05]} Rd7
{[%clk 01:14:03]} {[%emt 00:00:09]} 19. Rhg1 {[%clk 00:35:54]} {[%emt
00:02:09]} Ne6 {[%clk 01:14:13]} {[%emt 00:00:21]} 20. Rg2 {[%clk 00:30:59]}
{[%emt 00:05:24]} Bf8 {[%clk 01:13:42]} {[%emt 00:01:01]} 21. Rdg1 {[%clk
00:30:42]} {[%emt 00:00:47]} Kc7 {[%clk 01:11:22]} {[%emt 00:02:48]} 22. Rg8
{[%clk 00:29:30]} {[%emt 00:01:44]} Rxg8 {[%clk 01:11:17]} {[%emt 00:00:34]}
23. Rxg8 {[%clk 00:29:54]} {[%emt 00:00:07]} Qa6 {[%clk 01:10:46]} {[%emt
00:01:01]} 24. Kb1 {[%clk 00:26:04]} {[%emt 00:04:21]} Qe2 {[%clk 01:10:43]}
{[%emt 00:00:29]} 25. Nf1 {[%clk 00:24:18]} {[%emt 00:02:19]} Qd1+ {[%clk
01:09:37]} {[%emt 00:01:35]} 26. Bc1 {[%clk 00:24:40]} {[%emt 00:00:10]} Qxd4
{[%clk 01:09:54]} {[%emt 00:00:09]} 27. Qf3 {[%clk 00:18:37]} {[%emt 00:06:36]}
Qxe5 {[%clk 01:09:17]} {[%emt 00:01:06]} 28. Rxf8 {[%clk 00:17:59]} {[%emt
00:01:10]} Qg7 {[%clk 01:08:53]} {[%emt 00:00:52]} 29. Bf4+ {[%clk 00:15:18]}
{[%emt 00:03:12]} Nxf4 {[%clk 01:08:57]} {[%emt 00:00:24]} 30. Qxf4+ {[%clk
00:15:42]} {[%emt 00:00:08]} Kb6 {[%clk 01:09:16]} {[%emt 00:00:11]} 31. Re8
{[%clk 00:07:53]} {[%emt 00:08:21]} a5 {[%clk 01:08:01]} {[%emt 00:01:43]} 32.
Qe3+ {[%clk 00:05:41]} {[%emt 00:02:33]} Kc7 {[%clk 01:07:58]} {[%emt
00:00:42]} 33. Qg3+ {[%clk 00:05:42]} {[%emt 00:00:31]} Qxg3 {[%clk 01:08:07]}
{[%emt 00:00:19]} 34. Nxg3 {[%clk 00:06:12]} Rd6 {[%clk 01:08:10]} {[%emt
00:00:28]} 35. Re7+ {[%clk 00:06:13]} {[%emt 00:00:30]} Rd7 {[%clk 01:08:14]}
{[%emt 00:00:22]} 36. Rxd7+ {[%clk 00:06:37]} {[%emt 00:00:11]} Kxd7 {[%clk
01:08:21]} {[%emt 00:00:21]} 37. Nf5 {[%clk 00:07:02]} {[%emt 00:00:06]} Ke6
{[%clk 01:08:18]} {[%emt 00:00:28]} 38. Nxh6 {[%clk 00:06:46]} {[%emt
00:00:50]} Kf6 {[%clk 01:08:35]} {[%emt 00:00:11]} 39. Ng4+ {[%clk 00:04:59]}
{[%emt 00:02:18]} Kg5 {[%clk 01:08:46]} {[%emt 00:00:19]} 40. h6 {[%clk
00:05:15]} {[%emt 00:00:14]} Kg6 {[%clk 01:08:45]} {[%emt 00:00:28]} 41. h7
{[%clk 00:04:45]} {[%emt 00:01:04]} Kxh7 {[%clk 01:09:05]} {[%emt 00:00:08]}
42. Nf6+ {[%clk 00:05:10]} {[%emt 00:00:06]} Kg6 {[%clk 01:09:19]} {[%emt
00:00:14]} 43. Ne8 {[%clk 00:05:20]} {[%emt 00:00:23]} f5 {[%clk 01:09:31]}
{[%emt 00:00:17]} 44. Kc1 {[%clk 00:26:58]} {[%emt 00:08:52]} Kg5 {[%clk
01:39:39]} {[%emt 00:00:21]} 45. Kd2 {[%clk 00:26:41]} {[%emt 00:00:49]} Kf4
{[%clk 01:39:56]} {[%emt 00:00:11]} 46. Nd6 {[%clk 00:19:33]} {[%emt 00:07:40]}
b5 {[%clk 01:39:17]} {[%emt 00:01:08]} 47. Nb7 {[%clk 00:18:12]} {[%emt
00:01:52]} a4 {[%clk 01:39:31]} {[%emt 00:00:15]} 48. Nd8 {[%clk 00:09:09]}
{[%emt 00:09:33]} Kg3 {[%clk 01:37:43]} {[%emt 00:02:18]} 49. Nxc6 {[%clk
00:07:45]} {[%emt 00:01:54]} f4 {[%clk 01:38:02]} {[%emt 00:00:11]} 50. Nd4
{[%clk 00:08:03]} {[%emt 00:00:13]} f3 {[%clk 01:38:20]} {[%emt 00:00:11]} 51.
Nxf3 {[%clk 00:07:20]} {[%emt 00:01:13]} Kxf3 {[%clk 01:38:22]} {[%emt
00:00:27]} 52. Kd3 {[%clk 00:07:33]} {[%emt 00:00:18]} b4 {[%clk 01:36:59]}
{[%emt 00:01:53]} 53. a3 {[%clk 00:04:06]} {[%emt 00:03:57]} bxa3 {[%clk
01:37:15]} {[%emt 00:00:13]} 54. bxa3 {[%clk 00:04:27]} {[%emt 00:00:10]} Kf4
{[%clk 01:34:58]} {[%emt 00:02:48]} 55. Kd4 {[%clk 00:04:33]} {[%emt 00:00:24]}
Kf5 {[%clk 01:35:02]} {[%emt 00:00:25]} 56. Kxd5 {[%clk 00:05:01]} {[%emt
00:00:03]} Kf6 {[%clk 01:35:19]} {[%emt 00:00:12]} 57. c4 {[%clk 00:05:30]}
{[%emt 00:00:01]} Ke7 {[%clk 01:35:23]} {[%emt 00:00:26]} 58. Kc6 {[%clk
00:05:56]} {[%emt 00:00:04]} Kd8 {[%clk 01:34:48]} {[%emt 00:01:05]} 59. Kb7
{[%clk 00:06:05]} {[%emt 00:00:22]} 1-0

[Event "ODJM C 2023"]
[Site "Willingen GER"]
[Date "2023.06.03"]
[Round "9"]
[White "Fischermann, Charlotte"]
[Black "Baihaghi, Arash"]
[Result "0-1"]
[Termination "normal"]
[Board "18"]
[WhiteElo "1303"]
[BlackElo "1226"]
[WhiteClock "01:20:14"]
[BlackClock "01:28:08"]
[PlyCount "98"]
[WhiteFideId "34619690"]
[BlackFideId "34604979"]
[EventCountry "GER"]
[EventRounds "9"]
[EventType "swiss"]
[EventDate "2023.05.27"]

1. e4 {[%clk 01:30:58]} d5 {[%clk 01:30:50]} {[%emt 00:00:12]} 2. exd5 {[%clk
01:31:18]} {[%emt 00:00:09]} Qxd5 {[%clk 01:31:13]} {[%emt 00:00:06]} 3. Nf3
{[%clk 01:31:41]} {[%emt 00:00:07]} Bf5 {[%clk 01:31:36]} {[%emt 00:00:08]} 4.
Nc3 {[%clk 01:32:03]} {[%emt 00:00:08]} Qd8 {[%clk 01:31:52]} {[%emt 00:00:14]}
5. d4 {[%clk 01:32:20]} {[%emt 00:00:13]} e6 {[%clk 01:32:16]} {[%emt
00:00:06]} 6. Bc4 {[%clk 01:32:31]} {[%emt 00:00:19]} Nf6 {[%clk 01:32:40]}
{[%emt 00:00:06]} 7. Bf4 {[%clk 01:32:43]} {[%emt 00:00:19]} c6 {[%clk
01:33:04]} {[%emt 00:00:06]} 8. Bd3 {[%clk 01:32:15]} {[%emt 00:00:57]} Bg4
{[%clk 01:33:10]} {[%emt 00:00:24]} 9. h3 {[%clk 01:32:30]} {[%emt 00:00:15]}
Bxf3 {[%clk 01:33:31]} {[%emt 00:00:09]} 10. Qxf3 {[%clk 01:32:50]} {[%emt
00:00:10]} Qxd4 {[%clk 01:33:48]} {[%emt 00:00:13]} 11. O-O-O {[%clk 01:31:18]}
{[%emt 00:02:01]} Qb4 {[%clk 01:30:14]} {[%emt 00:04:03]} 12. Bd2 {[%clk
01:27:15]} {[%emt 00:04:34]} Qb6 {[%clk 01:28:25]} {[%emt 00:02:21]} 13. Be3
{[%clk 01:25:20]} {[%emt 00:02:24]} Qc7 {[%clk 01:28:16]} {[%emt 00:00:41]} 14.
Rhe1 {[%clk 01:22:05]} {[%emt 00:03:41]} Bd6 {[%clk 01:26:31]} {[%emt
00:02:18]} 15. Bg5 {[%clk 01:20:35]} {[%emt 00:02:00]} Nbd7 {[%clk 01:26:33]}
{[%emt 00:00:29]} 16. g3 {[%clk 01:17:00]} {[%emt 00:04:04]} Ne5 {[%clk
01:25:24]} {[%emt 00:01:40]} 17. Qe2 {[%clk 01:16:17]} {[%emt 00:01:12]} Nxd3+
{[%clk 01:25:39]} {[%emt 00:00:15]} 18. Qxd3 {[%clk 01:16:02]} {[%emt
00:00:44]} O-O-O {[%clk 01:25:46]} {[%emt 00:00:24]} 19. Bxf6 {[%clk 01:15:51]}
{[%emt 00:00:41]} Bf4+ {[%clk 01:26:08]} {[%emt 00:00:09]} 20. gxf4 {[%clk
01:15:57]} {[%emt 00:00:24]} Rxd3 {[%clk 01:25:34]} {[%emt 00:01:04]} 21. Rxd3
{[%clk 01:16:15]} {[%emt 00:00:12]} Qxf4+ {[%clk 01:25:43]} {[%emt 00:00:20]}
22. Kb1 {[%clk 01:16:36]} {[%emt 00:00:08]} Qxf2 {[%clk 01:24:54]} {[%emt
00:01:20]} 23. Red1 {[%clk 01:16:53]} {[%emt 00:00:13]} Qxf6 {[%clk 01:25:13]}
{[%emt 00:00:11]} 24. Ne4 {[%clk 01:17:12]} {[%emt 00:00:10]} Qe7 {[%clk
01:24:29]} {[%emt 00:01:15]} 25. Nd6+ {[%clk 01:16:20]} {[%emt 00:01:23]} Kc7
{[%clk 01:24:10]} {[%emt 00:00:49]} 26. Ne4 {[%clk 01:15:49]} {[%emt 00:01:00]}
f5 {[%clk 01:22:32]} {[%emt 00:02:09]} 27. Nd6 {[%clk 01:14:48]} {[%emt
00:01:30]} Rd8 {[%clk 01:22:16]} {[%emt 00:00:46]} 28. Kc1 {[%clk 01:12:27]}
{[%emt 00:02:50]} Rxd6 {[%clk 01:21:59]} {[%emt 00:00:49]} 29. Rxd6 {[%clk
01:12:50]} {[%emt 00:00:07]} Qxd6 {[%clk 01:22:22]} {[%emt 00:00:07]} 30. Rxd6
{[%clk 01:13:14]} {[%emt 00:00:06]} Kxd6 {[%clk 01:22:42]} {[%emt 00:00:10]}
31. Kd2 {[%clk 01:13:40]} {[%emt 00:00:03]} g5 {[%clk 01:22:57]} {[%emt
00:00:15]} 32. c4 {[%clk 01:13:58]} {[%emt 00:00:13]} Kc5 {[%clk 01:23:21]}
{[%emt 00:00:06]} 33. b3 {[%clk 01:14:20]} {[%emt 00:00:08]} Kb4 {[%clk
01:23:43]} {[%emt 00:00:08]} 34. Ke3 {[%clk 01:14:39]} {[%emt 00:00:11]} f4+
{[%clk 01:23:59]} {[%emt 00:00:15]} 35. Kd3 {[%clk 01:14:46]} {[%emt 00:00:23]}
Ka3 {[%clk 01:23:41]} {[%emt 00:00:48]} 36. c5 {[%clk 01:15:00]} {[%emt
00:00:16]} Kxa2 {[%clk 01:24:04]} {[%emt 00:00:07]} 37. b4 {[%clk 01:15:23]}
{[%emt 00:00:07]} Kb3 {[%clk 01:24:29]} {[%emt 00:00:05]} 38. Ke4 {[%clk
01:15:44]} {[%emt 00:00:09]} Kxb4 {[%clk 01:24:43]} {[%emt 00:00:17]} 39. Kf3
{[%clk 01:16:10]} {[%emt 00:00:04]} Kxc5 {[%clk 01:25:06]} {[%emt 00:00:07]}
40. Ke4 {[%clk 01:16:34]} {[%emt 00:00:05]} a5 {[%clk 01:25:31]} {[%emt
00:00:05]} 41. Ke5 {[%clk 01:16:59]} {[%emt 00:00:04]} f3 {[%clk 01:25:55]}
{[%emt 00:00:06]} 42. Kxe6 {[%clk 01:17:25]} {[%emt 00:00:04]} f2 {[%clk
01:26:17]} {[%emt 00:00:09]} 43. Kf5 {[%clk 01:17:53]} {[%emt 00:00:03]} f1=Q
{[%clk 01:26:34]} {[%emt 00:00:11]} 44. Kxg5 {[%clk 01:18:18]} {[%emt
00:00:06]} a4 {[%clk 01:26:52]} {[%emt 00:00:13]} 45. Kh6 {[%clk 01:18:41]}
{[%emt 00:00:07]} a3 {[%clk 01:27:18]} {[%emt 00:00:04]} 46. Kxh7 {[%clk
01:19:08]} {[%emt 00:00:02]} a2 {[%clk 01:27:43]} {[%emt 00:00:06]} 47. h4
{[%clk 01:19:34]} {[%emt 00:00:04]} a1=Q {[%clk 01:28:05]} {[%emt 00:00:07]}
48. h5 {[%clk 01:19:54]} {[%emt 00:00:10]} Qf7+ {[%clk 01:28:26]} {[%emt
00:00:09]} 49. Kh6 {[%clk 01:20:14]} {[%emt 00:00:10]} Qaf6+ {[%clk 01:28:08]}
{[%emt 00:00:07]} 0-1

[Event "ODJM C 2023"]
[Site "Willingen GER"]
[Date "2023.06.03"]
[Round "9"]
[White "Kunst, Jannis"]
[Black "Claussen, Daniela"]
[Result "1-0"]
[Termination "normal"]
[Board "19"]
[WhiteElo "1364"]
[BlackElo "1043"]
[WhiteClock "01:21:21"]
[BlackClock "01:07:28"]
[PlyCount "87"]
[WhiteFideId "16299710"]
[BlackFideId "16248929"]
[EventCountry "GER"]
[EventRounds "9"]
[EventType "swiss"]
[EventDate "2023.05.27"]

1. d4 {[%clk 01:30:58]} e6 {[%clk 01:30:54]} {[%emt 00:00:07]} 2. Nf3 {[%clk
01:31:21]} {[%emt 00:00:07]} b6 {[%clk 01:31:18]} {[%emt 00:00:06]} 3. e4
{[%clk 01:31:47]} {[%emt 00:00:05]} Bb7 {[%clk 01:31:41]} {[%emt 00:00:08]} 4.
Bd3 {[%clk 01:32:12]} {[%emt 00:00:05]} Nf6 {[%clk 01:32:00]} {[%emt 00:00:10]}
5. Qe2 {[%clk 01:32:34]} {[%emt 00:00:08]} d6 {[%clk 01:31:58]} {[%emt
00:00:32]} 6. Bf4 {[%clk 01:31:57]} {[%emt 00:01:07]} Nbd7 {[%clk 01:31:43]}
{[%emt 00:00:45]} 7. O-O {[%clk 01:31:55]} {[%emt 00:00:33]} Qe7 {[%clk
01:31:32]} {[%emt 00:00:40]} 8. e5 {[%clk 01:27:30]} {[%emt 00:04:56]} Nd5
{[%clk 01:31:45]} {[%emt 00:00:17]} 9. Bd2 {[%clk 01:26:46]} {[%emt 00:01:14]}
f6 {[%clk 01:30:08]} {[%emt 00:02:07]} 10. c4 {[%clk 01:26:06]} {[%emt
00:01:11]} fxe5 {[%clk 01:26:33]} {[%emt 00:04:05]} 11. cxd5 {[%clk 01:26:22]}
{[%emt 00:00:14]} exd5 {[%clk 01:26:44]} {[%emt 00:00:19]} 12. dxe5 {[%clk
01:25:29]} {[%emt 00:01:23]} dxe5 {[%clk 01:26:59]} {[%emt 00:00:15]} 13. Bb5
{[%clk 01:25:04]} {[%emt 00:00:56]} c6 {[%clk 01:26:31]} {[%emt 00:00:56]} 14.
Ba4 {[%clk 01:24:07]} {[%emt 00:01:28]} Nc5 {[%clk 01:26:36]} {[%emt 00:00:26]}
15. Bc2 {[%clk 01:24:10]} {[%emt 00:00:26]} Ba6 {[%clk 01:26:44]} {[%emt
00:00:22]} 16. Qxe5 {[%clk 01:23:40]} {[%emt 00:01:01]} Qxe5 {[%clk 01:26:52]}
{[%emt 00:00:22]} 17. Nxe5 {[%clk 01:24:08]} {[%emt 00:00:02]} Bxf1 {[%clk
01:27:00]} {[%emt 00:00:23]} 18. Kxf1 {[%clk 01:24:37]} {[%emt 00:00:01]} Rc8
{[%clk 01:26:54]} {[%emt 00:00:35]} 19. Bf5 {[%clk 01:23:16]} {[%emt 00:01:50]}
Rc7 {[%clk 01:27:06]} {[%emt 00:00:19]} 20. Nf3 {[%clk 01:22:24]} {[%emt
00:01:22]} Bd6 {[%clk 01:26:36]} {[%emt 00:00:58]} 21. Nc3 {[%clk 01:22:27]}
{[%emt 00:00:29]} O-O {[%clk 01:26:34]} {[%emt 00:00:32]} 22. Bh3 {[%clk
01:22:45]} {[%emt 00:00:12]} Ne4 {[%clk 01:24:44]} {[%emt 00:02:20]} 23. Nxe4
{[%clk 01:22:17]} {[%emt 00:00:59]} dxe4 {[%clk 01:25:02]} {[%emt 00:00:11]}
24. Nd4 {[%clk 01:22:40]} {[%emt 00:00:08]} Rff7 {[%clk 01:23:51]} {[%emt
00:01:40]} 25. Be6 {[%clk 01:22:36]} {[%emt 00:00:33]} c5 {[%clk 01:19:58]}
{[%emt 00:04:24]} 26. Nb5 {[%clk 01:22:15]} {[%emt 00:00:51]} Rcd7 {[%clk
01:18:24]} {[%emt 00:02:04]} 27. Nxd6 {[%clk 01:22:04]} {[%emt 00:00:41]} Rxd6
{[%clk 01:18:42]} {[%emt 00:00:12]} 28. Bxf7+ {[%clk 01:22:21]} {[%emt
00:00:13]} Kxf7 {[%clk 01:19:08]} {[%emt 00:00:05]} 29. Ke2 {[%clk 01:22:41]}
{[%emt 00:00:09]} b5 {[%clk 01:17:23]} {[%emt 00:02:15]} 30. Rd1 {[%clk
01:22:55]} {[%emt 00:00:15]} c4 {[%clk 01:16:09]} {[%emt 00:01:45]} 31. Bb4
{[%clk 01:23:00]} {[%emt 00:00:24]} Rd3 {[%clk 01:15:04]} {[%emt 00:01:35]} 32.
f3 {[%clk 01:21:35]} {[%emt 00:01:55]} Rxd1 {[%clk 01:13:38]} {[%emt 00:01:57]}
33. Kxd1 {[%clk 01:22:03]} {[%emt 00:00:02]} exf3 {[%clk 01:13:59]} {[%emt
00:00:09]} 34. gxf3 {[%clk 01:22:30]} {[%emt 00:00:03]} Ke6 {[%clk 01:14:09]}
{[%emt 00:00:20]} 35. Ke2 {[%clk 01:22:31]} {[%emt 00:00:29]} g5 {[%clk
01:14:16]} {[%emt 00:00:23]} 36. Ke3 {[%clk 01:22:48]} {[%emt 00:00:13]} Kd5
{[%clk 01:13:34]} {[%emt 00:01:13]} 37. a3 {[%clk 01:22:37]} {[%emt 00:00:41]}
h5 {[%clk 01:13:01]} {[%emt 00:01:02]} 38. h3 {[%clk 01:20:11]} {[%emt
00:02:57]} a6 {[%clk 01:11:44]} {[%emt 00:01:48]} 39. Bc3 {[%clk 01:20:10]}
{[%emt 00:00:30]} Ke6 {[%clk 01:09:24]} {[%emt 00:02:49]} 40. Ke4 {[%clk
01:20:36]} {[%emt 00:00:05]} h4 {[%clk 01:08:42]} {[%emt 00:01:12]} 41. Bd4
{[%clk 01:20:32]} {[%emt 00:00:34]} a5 {[%clk 01:08:01]} {[%emt 00:01:11]} 42.
Bc3 {[%clk 01:20:43]} {[%emt 00:00:19]} Kd6 {[%clk 01:07:27]} {[%emt 00:01:04]}
43. Kf5 {[%clk 01:21:02]} {[%emt 00:00:11]} Kc5 {[%clk 01:07:28]} {[%emt
00:00:29]} 44. Bxa5 {[%clk 01:21:21]} {[%emt 00:00:12]} 1-0